000 01687nam0a2200337 4500
001 RU\NLR\bibl\161428
005 20260405134714.0
021 _aRU
_b2001-2016п
_973
035 _a(NLR Aleph) 000158344
090 _a910312
_c910312
100 _a20010607d2000 |||y0rusy50 ca
101 0 _arus
102 _aRU
105 _ay |||||||||
200 1 _aПерспективы расширения комплексного использования руд вольфрама
_fЛ.Ф.Борисенко, Л.М.Делицин
210 _aМ.
_cГеоинформмарк
_d2000
215 _a68,[2] с.
_d20
225 1 _aЛабораторные и технологические исследования минерального сырья
_eОбзор. информ.
_fЗакрытое АО "Геоинформмарк"
_x0235-5574
_vВып.2
300 _aНа обл. авт. не указаны
300 _aВ надзаг. также: М-во природ. ресурсов Рос. Федерации
320 _aБиблиогр. в конце кн. (111 назв.) и в подстроч. примеч.
606 0 _aВольфрамовые руды
_xМесторождения
_xИспользование комплексное
_91319837
_3RU\NLR\auth\66232294
686 _aД451.62-8
700 1 _aБорисенко
_bЛ. Ф.
_gЛеонид Федорович
_4070
701 1 _4070
_8rus
_7ca
_aДелицын
_bЛ. М.
_f1939-
_gЛеонид Михайлович
_3RU\NLR\auth\7755185
_938117
801 0 _aRU
_bNLR
_c20010607
_gPSBO
801 1 _aRU
_bNLR
_c20010607
852 _aNLR
_jП51/1216
942 _cBOOK
980 _aNB